000
00301nam a22001337a 4500
008
180307b xxu||||| |||| 00| 0 eng d
020
_a
9781586630942
041
_a
eng
080
_a
94
100
_a
16
101
_a
HIS
245
_a
World war II a photographic history
_c
Boyle,D
942
_2
udc
_c
BK
999
_c
44300
_d
44300